| 000 | 00896nam a2200229Ia 4500 | ||
|---|---|---|---|
| 999 |
_c35981 _d35981 |
||
| 001 | 1880 | ||
| 003 | GE_BSU | ||
| 005 | 20221010122006.0 | ||
| 008 | 181216s2005ru xx |||||||||||||| ||rus|| | ||
| 010 | _a5482000648 | ||
| 040 | _cGE_BSU | ||
| 041 | _arus | ||
| 080 | _a347.918(075.8) A-79 | ||
| 245 |
_aАрбитажное процессуальное право. Практикум _bРоссийская Академия правосудия / _cПод ред. Д.А.Фурсова. |
||
| 264 |
_aМосква : _bПроспект, _c2005. |
||
| 300 |
_a224 с. _b19 см. |
||
| 653 | _aАрбитажное процессуальное право. | ||
| 653 | _aსაარბიტრაჟო საპროცესო სამართალი | ||
| 653 | _aსამართალი | ||
| 700 |
_aФурсова, Д.А. _eრედაქტორი _915182 |
||
| 942 |
_cBK _2udc |
||